| 000 | 01322nam a22002777a 4500 | ||
|---|---|---|---|
| 999 |
_c14231 _d14231 |
||
| 005 | 20230609155001.0 | ||
| 008 | 080707t xxu||||| |||| 00| f hin d | ||
| 010 | _aHIN-83746 B-297619-625 HIn-125212 HIN-125267 | ||
| 020 |
_c150.00 _a8190388010 |
||
| 035 | _aHN-56092 HN-97558 HN-97613 | ||
| 035 | _aB-297619-625 | ||
| 037 | _bDBAD / PUB | ||
| 037 | _bविज्ञान भारती | ||
| 040 |
_aDPL _bHN |
||
| 082 | _aउ | ||
| 100 | _aअब्दुल्ला हुसैन | ||
| 245 |
_aबंटवारा / _cअब्दुला हुसैन; मुशर्रफ आलम ज़ौक़ी द्वारा संपादित |
||
| 246 |
_aBatwara _bby Abdulla Husain; edited by Mushruff Aalam Jauki |
||
| 260 |
_aगाजियाबाद _bविज्ञान भारती _c2006 |
||
| 270 |
_aबी-78, सूर्यनगर _bगाजियाबाद (उ.प्र.) |
||
| 300 |
_a136पृ _c22सेमी(सजिल्द) |
||
| 650 | _aHindi Novels | ||
| 700 | _aमुशर्रफ़ आलम ज़ौक़ी | ||
| 942 |
_2ddc _cHN _hउ _mअब्दुल्ला |
||